[Event "DSJ Weihnachtsturnier U20 2020"]
[Site "https://play.chessbase.com/en/play?room=DSJWeihnachtU20"]
[Date "2020.12.29"]
[Round "3"]
[White "Tham, Nam"]
[Black "Sieber, Fiona"]
[Result "0-1"]
[Termination "normal"]
[Board "4.2"]
[BlackTitle "WIM"]
[WhiteElo "1951"]
[BlackElo "2275"]
[WhiteTeam "SC Weisse Dame"]
[BlackTeam "SG Aufbau Elbe Magdeburg"]
[PlyCount "124"]
[WhiteFideId "12997331"]
[BlackFideId "12902373"]
[EventRounds "7"]
[EventType "team-swiss"]
[EventDate "2020.12.29"]

1. e4 {[%emt 0:00:05]} e5 {[%emt 0:00:04]} 2. Nf3 {[%emt 0:00:02]} Nc6 { [%emt
0:00:03]} 3. Bc4 {[%emt 0:00:02]} Nf6 {[%emt 0:00:02]} 4. d3 {[%emt 0:00:03]}
Be7 {[%emt 0:00:05]} 5. Bb3 {[%emt 0:00:17]} O-O {[%emt 0:00:04]} 6. c3 { [%emt
0:00:03]} d6 {[%emt 0:00:01]} 7. Nbd2 {[%emt 0:00:07]} h6 {[%emt 0:01:09] } 8.
h3 {[%emt 0:00:04]} Re8 {[%emt 0:00:02]} 9. O-O {[%emt 0:00:02]} d5 { [%emt
0:00:12]} 10. Qe2 {[%emt 0:00:10]} Bf8 {[%emt 0:00:03]} 11. Rd1 {[%emt
0:00:07]} d4 {[%emt 0:00:05]} 12. Nf1 {[%emt 0:00:06]} Na5 {[%emt 0:00:24]} 13.
Bc2 {[%emt 0:00:48]} c5 {[%emt 0:00:07]} 14. Ng3 {[%emt 0:00:03]} b5 {[%emt
0:00:05]} 15. Rb1 {[%emt 0:00:35]} Nc6 {[%emt 0:00:14]} 16. Nh2 {[%emt
0:00:30]} dxc3 {[%emt 0:00:17]} 17. bxc3 {[%emt 0:00:03]} b4 {[%emt 0:00:01]}
18. Ba4 { [%emt 0:00:46]} Bd7 {[%emt 0:00:16]} 19. Bxc6 {[%emt 0:00:07]} Bxc6
{[%emt 0:00:00]} 20. Bb2 {[%emt 0:00:48]} Ba4 {[%emt 0:00:29]} 21. Rdc1 {[%emt
0:00:04]} Rb8 {[%emt 0:00:49]} 22. c4 {[%emt 0:00:20]} g6 {[%emt 0:00:30]} 23.
Rf1 { [%emt 0:01:20]} Bg7 {[%emt 0:00:21]} 24. f4 {[%emt 0:00:13]} exf4 {[%emt
0:00:05]} 25. Rxf4 {[%emt 0:00:05]} Rb6 {[%emt 0:00:18]} 26. Rbf1 {[%emt
0:00:31]} Ree6 {[%emt 0:01:52]} 27. Qe3 {[%emt 0:01:44]} Bc2 {[%emt 0:01:03]}
28. R4f3 { [%emt 0:00:31]} Nxe4 {[%emt 0:00:39]} 29. Nxe4 {[%emt 0:00:14]} Bxb2
{[%emt 0:00:02]} 30. Qxh6 {[%emt 0:00:26]} Rb7 {[%emt 0:00:26]} 31. Ng4 {[%emt
0:00:17]} Qd4+ {[%emt 0:00:48]} 32. Kh1 {[%emt 0:00:03]} Qg7 {[%emt 0:00:00]}
33. Nef6+ { [%emt 0:00:18]} Bxf6 {[%emt 0:00:02]} 34. Nxf6+ {[%emt 0:00:02]}
Rxf6 {[%emt 0:00:01]} 35. Qxg7+ {[%emt 0:00:01]} Kxg7 {[%emt 0:00:01]} 36. Rxf6
{[%emt 0:00:01]} Bxd3 {[%emt 0:00:00]} 37. R6f2 {[%emt 0:00:10]} Bxf1 {[%emt
0:00:04]} 38. Rxf1 {[%emt 0:00:00]} Re7 {[%emt 0:00:01]} 39. Rc1 {[%emt
0:00:02]} Re4 { [%emt 0:00:00]} 40. Kh2 {[%emt 0:00:02]} Kf6 {[%emt 0:00:00]}
41. Rc2 {[%emt 0:00:01]} Ke5 {[%emt 0:00:00]} 42. Kg3 {[%emt 0:00:01]} Kd4
{[%emt 0:00:00]} 43. Kf3 {[%emt 0:00:02]} Re3+ {[%emt 0:00:00]} 44. Kf4 {[%emt
0:00:02]} Rc3 { [%emt 0:00:01]} 45. Rd2+ {[%emt 0:00:02]} Kxc4 {[%emt 0:00:01]}
46. Rd7 { [%emt 0:00:02]} Rd3 {[%emt 0:00:01]} 47. Rxf7 {[%emt 0:00:02]} Rd2
{[%emt 0:00:03]} 48. Rxa7 {[%emt 0:00:02]} Rxg2 {[%emt 0:00:03]} 49. h4 {[%emt
0:00:01]} Kd3 {[%emt 0:00:05]} 50. Ra4 {[%emt 0:00:06]} Kc3 {[%emt 0:00:08]}
51. Ra5 { [%emt 0:00:01]} c4 {[%emt 0:00:01]} 52. Rg5 {[%emt 0:00:01]} Rxg5
{[%emt 0:00:13]} 53. Kxg5 {[%emt 0:00:01]} Kd3 {[%emt 0:00:03]} 54. Kxg6 {[%emt
0:00:00]} c3 {[%emt 0:00:01]} 55. h5 {[%emt 0:00:00]} c2 {[%emt 0:00:01]} 56.
h6 { [%emt 0:00:00]} c1=Q {[%emt 0:00:01]} 57. h7 {[%emt 0:00:00]} Qc3 {[%emt
0:00:04]} 58. Kf7 {[%emt 0:00:02]} Qh8 {[%emt 0:00:02]} 59. Kg6 {[%emt
0:00:01]} Ke4 {[%emt 0:00:01]} 60. Kh6 {[%emt 0:00:02]} Kf5 {[%emt 0:00:02]}
61. a3 {[%emt 0:00:01]} bxa3 {[%emt 0:00:03]} 62. Kh5 {[%emt 0:00:02]} Qxh7#
{[%emt 0:00:01] Mate 0-1} 0-1

[Event "DSJ Weihnachtsturnier U20 2020"]
[Site "https://play.chessbase.com/en/play?room=DSJWeihnachtU20"]
[Date "2020.12.29"]
[Round "3"]
[White "Biastoch, Bennet"]
[Black "Tham, Minh"]
[Result "1-0"]
[Termination "normal"]
[Board "4.3"]
[WhiteTitle "FM"]
[WhiteElo "2266"]
[BlackElo "1844"]
[WhiteTeam "SG Aufbau Elbe Magdeburg"]
[BlackTeam "SC Weisse Dame"]
[PlyCount "122"]
[WhiteFideId "12939889"]
[BlackFideId "12997323"]
[EventRounds "7"]
[EventType "team-swiss"]
[EventDate "2020.12.29"]

1. e4 {[%emt 0:00:05]} e5 {[%emt 0:00:07]} 2. Nf3 {[%emt 0:00:06]} Nc6 { [%emt
0:00:04]} 3. Bb5 {[%emt 0:00:04]} a6 {[%emt 0:00:08]} 4. Ba4 {[%emt 0:00:03]}
Nf6 {[%emt 0:00:03]} 5. O-O {[%emt 0:00:03]} Be7 {[%emt 0:00:06]} 6. d3 { [%emt
0:00:05]} b5 {[%emt 0:00:02]} 7. Bb3 {[%emt 0:00:02]} O-O {[%emt 0:00:06] } 8.
Re1 {[%emt 0:00:05]} d6 {[%emt 0:00:07]} 9. c3 {[%emt 0:00:02]} Na5 { [%emt
0:00:10]} 10. Bc2 {[%emt 0:00:02]} c5 {[%emt 0:00:01]} 11. Nbd2 {[%emt
0:00:02]} Bb7 {[%emt 0:00:16]} 12. Nf1 {[%emt 0:00:08]} Qc7 {[%emt 0:00:23]}
13. Ng3 {[%emt 0:00:13]} Rac8 {[%emt 0:00:09]} 14. Nf5 {[%emt 0:00:04]} b4 {
[%emt 0:00:17]} 15. N3h4 {[%emt 0:00:17]} g6 {[%emt 0:00:53]} 16. Nxe7+ { [%emt
0:00:06]} Qxe7 {[%emt 0:00:03]} 17. Bg5 {[%emt 0:00:01]} Qe6 {[%emt 0:00:18]}
18. Qf3 {[%emt 0:01:04]} Kg7 {[%emt 0:01:00]} 19. Qe3 {[%emt 0:00:48]} Ng4
{[%emt 0:00:14]} 20. Qg3 {[%emt 0:00:03]} h6 {[%emt 0:00:38]} 21. Bd2 {[%emt
0:00:05]} Kh7 {[%emt 0:00:15]} 22. Rac1 {[%emt 0:00:17]} bxc3 {[%emt 0:00:24]}
23. Bxc3 {[%emt 0:00:53]} Nc6 {[%emt 0:00:02]} 24. Bb3 {[%emt 0:00:01]} Qd7 {
[%emt 0:00:01]} 25. Qf3 {[%emt 0:00:26]} f5 {[%emt 0:00:39]} 26. exf5 {[%emt
0:00:21]} gxf5 {[%emt 0:00:05]} 27. Qg3 {[%emt 0:01:51]} f4 {[%emt 0:01:41]}
28. Qh3 {[%emt 0:00:03]} Qg7 {[%emt 0:00:28]} 29. Be6 {[%emt 0:00:11]} h5
{[%emt 0:01:17]} 30. f3 {[%emt 0:00:55]} Ne3 {[%emt 0:00:07]} 31. Nf5 {[%emt
0:00:09]} Nxf5 {[%emt 0:00:20]} 32. Bxf5+ {[%emt 0:00:06]} Kh6 {[%emt 0:00:06]}
33. Bxc8 {[%emt 0:01:02]} Bxc8 {[%emt 0:00:00]} 34. Qh4 {[%emt 0:00:32]} Ne7
{[%emt 0:00:04]} 35. g4 {[%emt 0:00:04]} Qg5 {[%emt 0:00:19]} 36. Qxg5+ {[%emt
0:00:04]} Kxg5 {[%emt 0:00:00]} 37. gxh5 {[%emt 0:00:01]} Kxh5 {[%emt 0:00:01]}
38. Kf2 { [%emt 0:00:01]} Nf5 {[%emt 0:00:01]} 39. Rg1 {[%emt 0:00:03]} Be6
{[%emt 0:00:04]} 40. a3 {[%emt 0:00:06]} Rg8 {[%emt 0:00:05]} 41. b4 {[%emt
0:00:03]} cxb4 {[%emt 0:00:06]} 42. Bxb4 {[%emt 0:00:01]} Rxg1 {[%emt 0:00:03]}
43. Kxg1 { [%emt 0:00:06]} d5 {[%emt 0:00:01]} 44. Rc6 {[%emt 0:00:02]} Nd4
{[%emt 0:00:01]} 45. Rxa6 {[%emt 0:00:02]} Nxf3+ {[%emt 0:00:01]} 46. Kf2
{[%emt 0:00:04]} Nd4 {[%emt 0:00:01]} 47. Bc5 {[%emt 0:00:10]} Bc8 {[%emt
0:00:04]} 48. Ra8 { [%emt 0:00:07]} Bb7 {[%emt 0:00:01]} 49. Rh8+ {[%emt
0:00:02]} Kg6 {[%emt 0:00:01]} 50. Bxd4 {[%emt 0:00:01]} exd4 {[%emt 0:00:01]}
51. Rb8 {[%emt 0:00:02]} Bc6 {[%emt 0:00:01]} 52. Rb4 {[%emt 0:00:02]} Kf5
{[%emt 0:00:02]} 53. Rxd4 { [%emt 0:00:01]} Ke5 {[%emt 0:00:01]} 54. Rb4 {[%emt
0:00:01]} Kf5 {[%emt 0:00:02]} 55. a4 {[%emt 0:00:01]} Ke6 {[%emt 0:00:07]} 56.
a5 {[%emt 0:00:02]} Kd6 { [%emt 0:00:01]} 57. a6 {[%emt 0:00:02]} Kc5 {[%emt
0:00:02]} 58. Rxf4 {[%emt 0:00:01]} Kb6 {[%emt 0:00:02]} 59. Rf6 {[%emt
0:00:01]} Kc7 {[%emt 0:00:03]} 60. a7 {[%emt 0:00:02]} Ba8 {[%emt 0:00:03]} 61.
Rf8 {[%emt 0:00:01]} Kb7 {[%emt 0:00:01]} 1-0

[Event "DSJ Weihnachtsturnier U20 2020"]
[Site "https://play.chessbase.com/en/play?room=DSJWeihnachtU20"]
[Date "2020.12.29"]
[Round "3"]
[White "Lutz, Sebastian"]
[Black "Hoffmann, Lennard"]
[Result "1-0"]
[Termination "normal"]
[Board "4.4"]
[WhiteElo "1541"]
[BlackElo "2022"]
[WhiteTeam "SC Weisse Dame"]
[BlackTeam "SG Aufbau Elbe Magdeburg"]
[PlyCount "51"]
[WhiteFideId "16278674"]
[BlackFideId "12943495"]
[EventRounds "7"]
[EventType "team-swiss"]
[EventDate "2020.12.29"]

1. e4 {[%emt 0:00:06]} c5 {[%emt 0:00:01]} 2. Nf3 {[%emt 0:00:03]} d6 {[%emt
0:00:01]} 3. d4 {[%emt 0:00:01]} cxd4 {[%emt 0:00:00]} 4. Nxd4 {[%emt 0:00:01]}
Nf6 {[%emt 0:00:01]} 5. Nc3 {[%emt 0:00:01]} a6 {[%emt 0:00:01]} 6. h3 { [%emt
0:00:02]} e5 {[%emt 0:00:05]} 7. Nde2 {[%emt 0:00:02]} h5 {[%emt 0:00:01] } 8.
Bg5 {[%emt 0:00:02]} Be7 {[%emt 0:00:02]} 9. Bxf6 {[%emt 0:00:50]} Bxf6 { [%emt
0:00:04]} 10. Nd5 {[%emt 0:00:03]} Be6 {[%emt 0:00:01]} 11. Nec3 { [%emt
0:00:04]} Nd7 {[%emt 0:00:03]} 12. a4 {[%emt 0:00:04]} Qa5 {[%emt 0:00:02]} 13.
Qd2 {[%emt 0:00:31]} O-O-O {[%emt 0:00:30]} 14. b4 {[%emt 0:00:29]} Bxd5 {[%emt
0:00:37]} 15. bxa5 {[%emt 0:00:03]} Bc6 {[%emt 0:00:02]} 16. Bc4 { [%emt
0:00:11]} Nc5 {[%emt 0:00:10]} 17. Bd5 {[%emt 0:00:13]} Ne6 {[%emt 0:00:12]}
18. Bxc6 {[%emt 0:00:14]} bxc6 {[%emt 0:00:02]} 19. O-O {[%emt 0:00:09]} Nd4
{[%emt 0:00:01]} 20. Ne2 {[%emt 0:00:22]} g5 {[%emt 0:00:03]} 21. Nxd4 { [%emt
0:00:03]} exd4 {[%emt 0:00:00]} 22. Qd3 {[%emt 0:00:03]} g4 {[%emt 0:00:04]}
23. Rab1 {[%emt 0:00:27]} Rdg8 {[%emt 0:00:07]} 24. Qxa6+ {[%emt 0:00:10]} Kd7
{[%emt 0:00:01]} 25. Qb7+ {[%emt 0:00:46]} Ke8 {[%emt 0:00:06]} 26. Qxc6+ {
[%emt 0:00:14] Elbe-MD004 gibt auf} 1-0

[Event "DSJ Weihnachtsturnier U20 2020"]
[Site "https://play.chessbase.com/en/play?room=DSJWeihnachtU20"]
[Date "2020.12.29"]
[Round "3"]
[White "Bethke, Robert"]
[Black "von Estorff, Jacob"]
[Result "1/2-1/2"]
[Termination "normal"]
[Board "5.2"]
[WhiteElo "2100"]
[BlackElo "2125"]
[WhiteTeam "SF Neuberg"]
[BlackTeam "Post SV Uelzen"]
[PlyCount "93"]
[WhiteFideId "12959251"]
[BlackFideId "12974501"]
[EventRounds "7"]
[EventType "team-swiss"]
[EventDate "2020.12.29"]

1. d4 {[%emt 0:00:02]} Nf6 {[%emt 0:00:06]} 2. Nf3 {[%emt 0:00:01]} g6 { [%emt
0:00:01]} 3. g3 {[%emt 0:00:01]} Bg7 {[%emt 0:00:01]} 4. Bg2 {[%emt 0:00:01]}
d5 {[%emt 0:00:01]} 5. O-O {[%emt 0:00:01]} O-O {[%emt 0:00:01]} 6. Ne5 { [%emt
0:00:06]} c6 {[%emt 0:00:05]} 7. Nc3 {[%emt 0:00:11]} Nbd7 {[%emt 0:00:02]} 8.
f4 {[%emt 0:00:09]} Ne8 {[%emt 0:00:07]} 9. e4 {[%emt 0:00:08]} dxe4 { [%emt
0:00:05]} 10. Nxe4 {[%emt 0:00:02]} Nd6 {[%emt 0:00:03]} 11. Nxd6 { [%emt
0:00:11]} exd6 {[%emt 0:00:00]} 12. Nxd7 {[%emt 0:00:01]} Bxd7 {[%emt 0:00:01]}
13. c3 {[%emt 0:00:13]} d5 {[%emt 0:00:02]} 14. b3 {[%emt 0:00:16]} Re8 {[%emt
0:00:08]} 15. Bb2 {[%emt 0:00:09]} Bf5 {[%emt 0:00:09]} 16. Qd2 { [%emt
0:00:06]} Qd7 {[%emt 0:00:09]} 17. Rfe1 {[%emt 0:00:05]} Rxe1+ {[%emt 0:00:07]}
18. Rxe1 {[%emt 0:00:02]} Re8 {[%emt 0:00:00]} 19. Kf2 {[%emt 0:00:10]
Neuberg002 offers a draw} Bf8 {[%emt 0:00:38]} 20. Rxe8 {[%emt 0:00:09]} Qxe8 {
[%emt 0:00:02]} 21. Qe3 {[%emt 0:00:01]} Qxe3+ {[%emt 0:00:03]} 22. Kxe3 {
[%emt 0:00:00]} Bd6 {[%emt 0:00:11]} 23. c4 {[%emt 0:00:08]} Be6 {[%emt
0:00:13]} 24. c5 {[%emt 0:00:11]} Bc7 {[%emt 0:00:05]} 25. b4 {[%emt 0:00:01]}
Bf5 { [%emt 0:00:20]} 26. Bf1 {[%emt 0:00:12]} a6 {[%emt 0:00:05]} 27. a3
{[%emt 0:00:10]} Kf8 {[%emt 0:00:02]} 28. Bd3 {[%emt 0:00:09]} Bxd3 {[%emt
0:00:01]} 29. Kxd3 {[%emt 0:00:00]} Ke7 {[%emt 0:00:02]} 30. Ke3 {[%emt
0:00:05]} h5 { [%emt 0:00:03]} 31. Kf3 {[%emt 0:00:10]} Ke6 {[%emt 0:00:03]}
32. h3 {[%emt 0:00:05]} Bd8 {[%emt 0:00:09]} 33. Bc3 {[%emt 0:00:10]} g5 {[%emt
0:00:26]} 34. g4 {[%emt 0:00:26]} hxg4+ {[%emt 0:00:06]} 35. Kxg4 {[%emt
0:00:00]} gxf4 { [%emt 0:00:48]} 36. Kxf4 {[%emt 0:00:00]} Kf6 {[%emt 0:00:01]}
37. Be1 { [%emt 0:00:28]} Bc7+ {[%emt 0:00:04]} 38. Kg4 {[%emt 0:00:16]} Bh2
{[%emt 0:00:15]} 39. Bf2 {[%emt 0:00:09]} Kg6 {[%emt 0:00:07]} 40. Be3 {[%emt
0:00:29]} Bc7 {[%emt 0:00:26]} 41. Bf4 {[%emt 0:00:55]} Bd8 {[%emt 0:00:09]}
42. Be3 { [%emt 0:00:11]} a5 {[%emt 0:00:13]} 43. h4 {[%emt 0:00:56]} f5+
{[%emt 0:00:44] } 44. Kg3 {[%emt 0:00:14]} axb4 {[%emt 0:00:06]} 45. axb4
{[%emt 0:00:01]} Bc7+ {[%emt 0:01:06]} 46. Bf4 {[%emt 0:00:09]} Bd8 {[%emt
0:00:03]} 47. Be3 { [%emt 0:00:02] Neuberg002 offers a draw} 1/2-1/2

[Event "DSJ Weihnachtsturnier U20 2020"]
[Site "https://play.chessbase.com/en/play?room=DSJWeihnachtU20"]
[Date "2020.12.29"]
[Round "3"]
[White "Kolzenburg, Jan Niklas"]
[Black "Askerov, Imamali"]
[Result "0-1"]
[Termination "normal"]
[Board "5.4"]
[WhiteElo "1671"]
[BlackElo "1937"]
[WhiteTeam "SF Neuberg"]
[BlackTeam "Post SV Uelzen"]
[PlyCount "60"]
[WhiteFideId "16274830"]
[BlackFideId "12974498"]
[EventRounds "7"]
[EventType "team-swiss"]
[EventDate "2020.12.29"]

1. e4 {[%emt 0:00:09]} c5 {[%emt 0:00:01]} 2. d3 {[%emt 0:00:02]} Nc6 {[%emt
0:00:02]} 3. f4 {[%emt 0:00:01]} d6 {[%emt 0:00:07]} 4. Nf3 {[%emt 0:00:02]} g6
{ [%emt 0:00:01]} 5. Be2 {[%emt 0:00:02]} Bg7 {[%emt 0:00:01]} 6. c3 {[%emt
0:00:01]} e6 {[%emt 0:00:01]} 7. O-O {[%emt 0:00:03]} Nge7 {[%emt 0:00:01]} 8.
Na3 { [%emt 0:00:04]} O-O {[%emt 0:00:02]} 9. Be3 {[%emt 0:00:22]} a6 {[%emt
0:00:04] } 10. Qe1 {[%emt 0:00:14]} Bd7 {[%emt 0:00:15]} 11. g4 {[%emt
0:00:17]} f5 { [%emt 0:00:30]} 12. Qg3 {[%emt 0:00:43]} b5 {[%emt 0:00:34]} 13.
Nc2 {[%emt 0:00:57]} Rc8 {[%emt 0:01:28]} 14. Rf2 {[%emt 0:00:31]} Kh8 {[%emt
0:00:07]} 15. h4 {[%emt 0:00:31]} e5 {[%emt 0:01:19]} 16. g5 {[%emt 0:02:03]}
Be6 {[%emt 0:00:57]} 17. Rh2 {[%emt 0:01:07]} d5 {[%emt 0:01:06]} 18. Nxe5
{[%emt 0:00:53]} Nxe5 {[%emt 0:00:13]} 19. fxe5 {[%emt 0:00:04]} fxe4 {[%emt
0:00:42]} 20. h5 { [%emt 0:00:40]} Qc7 {[%emt 0:00:24]} 21. d4 {[%emt 0:00:34]}
cxd4 {[%emt 0:00:52]} 22. Bxd4 {[%emt 0:00:09]} Rf5 {[%emt 0:00:21]} 23. Ne3
{[%emt 0:00:15]} Bxe5 {[%emt 0:00:16]} 24. Bxe5+ {[%emt 0:00:15]} Rxe5 {[%emt
0:00:08]} 25. Qh4 {[%emt 0:00:08]} Qa7 {[%emt 0:00:16]} 26. hxg6 {[%emt
0:00:28]} Nxg6 {[%emt 0:00:00]} 27. Qg3 {[%emt 0:00:12]} Qe7 {[%emt 0:00:10]}
28. Rf1 {[%emt 0:00:01]} Rxg5 {[%emt 0:00:06]} 29. Ng4 {[%emt 0:00:04]} Rg8
{[%emt 0:00:18]} 30. Qh4 { [%emt 0:00:05]} Nxh4 {[%emt 0:00:05]} 0-1

[Event "DSJ Weihnachtsturnier U20 2020"]
[Site "https://play.chessbase.com/en/play?room=DSJWeihnachtU20"]
[Date "2020.12.29"]
[Round "3"]
[White "Bosselmann, Tom Linus"]
[Black "Goldbeck, Lars"]
[Result "0-1"]
[Termination "normal"]
[Board "6.1"]
[BlackTitle "FM"]
[WhiteElo "2060"]
[BlackElo "2235"]
[WhiteTeam "Lübecker SV von 1873 2"]
[BlackTeam "SC Bavaria Regensburg von 1881"]
[PlyCount "68"]
[WhiteFideId "12983845"]
[BlackFideId "16208188"]
[EventRounds "7"]
[EventType "team-swiss"]
[EventDate "2020.12.29"]

1. e4 {[%emt 0:00:05]} c5 {[%emt 0:00:04]} 2. Nf3 {[%emt 0:00:02]} d6 {[%emt
0:00:02]} 3. d4 {[%emt 0:00:01]} cxd4 {[%emt 0:00:01]} 4. Nxd4 {[%emt 0:00:00]}
Nf6 {[%emt 0:00:06]} 5. Nc3 {[%emt 0:00:08]} a6 {[%emt 0:00:01]} 6. Be3 { [%emt
0:00:06]} e5 {[%emt 0:00:04]} 7. Nb3 {[%emt 0:00:01]} Be7 {[%emt 0:00:03] } 8.
f3 {[%emt 0:00:07]} Be6 {[%emt 0:00:11]} 9. Qd2 {[%emt 0:00:03]} O-O { [%emt
0:00:02]} 10. O-O-O {[%emt 0:00:02]} a5 {[%emt 0:00:01]} 11. a4 {[%emt
0:00:02]} Nc6 {[%emt 0:00:02]} 12. Kb1 {[%emt 0:00:05]} Nb4 {[%emt 0:00:01]}
13. g4 {[%emt 0:00:03]} Rc8 {[%emt 0:00:04]} 14. Qf2 {[%emt 0:00:07]} Nd7
{[%emt 0:00:28]} 15. h4 {[%emt 0:00:06]} b6 {[%emt 0:00:44]} 16. Bb5 {[%emt
0:00:07]} Qc7 {[%emt 0:00:57]} 17. Rh2 {[%emt 0:00:29]} Rfd8 {[%emt 0:00:03]}
18. Bxd7 { [%emt 0:00:06]} Qxd7 {[%emt 0:00:04]} 19. Bxb6 {[%emt 0:00:01]} Re8
{[%emt 0:00:48]} 20. Bxa5 {[%emt 0:00:17]} Na6 {[%emt 0:00:03]} 21. Bb6 {[%emt
0:00:06]} Rxc3 {[%emt 0:00:03]} 22. bxc3 {[%emt 0:00:06]} Qxa4 {[%emt 0:00:01]}
23. Rd3 { [%emt 0:00:45]} Rb8 {[%emt 0:00:13]} 24. Be3 {[%emt 0:00:11]} Nc5
{[%emt 0:00:16]} 25. Bxc5 {[%emt 0:00:19]} dxc5 {[%emt 0:00:00]} 26. c4 {[%emt
0:00:32]} Bxc4 {[%emt 0:00:03]} 27. Rc3 {[%emt 0:00:04]} Be6 {[%emt 0:00:02]}
28. Rxc5 { [%emt 0:01:29]} Bxb3 {[%emt 0:00:12]} 29. cxb3 {[%emt 0:00:42]}
Qxb3+ {[%emt 0:00:02]} 30. Kc1 {[%emt 0:00:33]} Qb1+ {[%emt 0:00:09]} 31. Kd2
{[%emt 0:00:02]} Rb2+ {[%emt 0:00:19]} 32. Kc3 {[%emt 0:00:09]} Qc1+ {[%emt
0:00:39]} 33. Kd3 { [%emt 0:00:14]} Qd1+ {[%emt 0:00:10]} 34. Kc3 {[%emt
0:00:08]} Qb3# {[%emt 0:00:02]} 0-1

[Event "DSJ Weihnachtsturnier U20 2020"]
[Site "https://play.chessbase.com/en/play?room=DSJWeihnachtU20"]
[Date "2020.12.29"]
[Round "3"]
[White "Sommer, Justus"]
[Black "Steinhauer, Artur"]
[Result "0-1"]
[Termination "normal"]
[Board "6.3"]
[WhiteElo "1744"]
[BlackElo "1462"]
[WhiteTeam "Lübecker SV von 1873 2"]
[BlackTeam "SC Bavaria Regensburg von 1881"]
[PlyCount "94"]
[WhiteFideId "16245008"]
[BlackFideId "16263596"]
[EventRounds "7"]
[EventType "team-swiss"]
[EventDate "2020.12.29"]

1. e4 {[%emt 0:00:00]} c5 {[%emt 0:00:02]} 2. Nf3 { [%emt 0:00:03]} d6 {[%emt
0:00:03]} 3. Bb5+ {[%emt 0:00:02]} Nd7 {[%emt 0:00:11]} 4. O-O {[%emt 0:00:06]}
a6 {[%emt 0:00:03]} 5. c3 {[%emt 0:00:00]} axb5 { [%emt 0:00:03]} 6. d4 {[%emt
0:00:17]} Qc7 {[%emt 0:00:28]} 7. Na3 {[%emt 0:00:13]} Qb6 {[%emt 0:00:37]} 8.
c4 {[%emt 0:00:15]} b4 {[%emt 0:01:05]} 9. Nb5 { [%emt 0:00:02]} e5 {[%emt
0:00:51]} 10. dxe5 {[%emt 0:00:40]} dxe5 {[%emt 0:00:03]} 11. Qe2 {[%emt
0:00:31]} Ngf6 {[%emt 0:00:08]} 12. Bg5 {[%emt 0:00:26]} Be7 {[%emt 0:00:09]}
13. Rfd1 {[%emt 0:00:09]} h6 {[%emt 0:00:07]} 14. Bh4 { [%emt 0:00:04]} O-O
{[%emt 0:00:15]} 15. Rd2 {[%emt 0:00:22]} Re8 {[%emt 0:00:05]} 16. a3 {[%emt
0:00:07]} bxa3 {[%emt 0:00:09]} 17. bxa3 {[%emt 0:00:00]} Nf8 {[%emt 0:00:15]}
18. Rad1 {[%emt 0:00:06]} Ng6 {[%emt 0:00:04]} 19. Bg3 { [%emt 0:00:05]} Bg4
{[%emt 0:00:02]} 20. h3 {[%emt 0:00:08]} Bxf3 {[%emt 0:00:12]} 21. Qxf3 {[%emt
0:00:03]} Rad8 {[%emt 0:00:12]} 22. Kh2 {[%emt 0:00:31]} Rxd2 {[%emt 0:00:05]}
23. Rxd2 {[%emt 0:00:02]} Rd8 {[%emt 0:00:01]} 24. Rxd8+ {[%emt 0:00:16]} Qxd8
{[%emt 0:00:02]} 25. Nc3 {[%emt 0:00:13]} Qa5 {[%emt 0:00:21]} 26. Nd5 {[%emt
0:00:04]} Nxd5 {[%emt 0:00:01]} 27. exd5 {[%emt 0:00:05] } b5 {[%emt 0:00:03]}
28. cxb5 {[%emt 0:00:13]} Qxb5 {[%emt 0:00:00]} 29. Qd1 { [%emt 0:00:05]} Bd6
{[%emt 0:00:03]} 30. a4 {[%emt 0:00:03]} Qa6 {[%emt 0:00:04]} 31. Qb3 {[%emt
0:00:11]} c4 {[%emt 0:00:04]} 32. Qc2 {[%emt 0:00:03]} Nf4 {[%emt 0:00:15]} 33.
a5 {[%emt 0:00:20]} Nxd5 {[%emt 0:00:07]} 34. Qe4 { [%emt 0:00:03]} Qxa5 {[%emt
0:00:03]} 35. Qxc4 {[%emt 0:00:03]} Nf4 {[%emt 0:00:04]} 36. Qc8+ {[%emt
0:00:04]} Bf8 {[%emt 0:00:01]} 37. Qe8 {[%emt 0:00:24]} f6 {[%emt 0:00:09]} 38.
Qc8 {[%emt 0:00:31]} Qd5 {[%emt 0:00:03]} 39. Bxf4 { [%emt 0:00:06]} exf4
{[%emt 0:00:01]} 40. Qg4 {[%emt 0:00:08]} Qe5 {[%emt 0:00:02]} 41. f3 {[%emt
0:00:03]} Kh7 {[%emt 0:00:04]} 42. h4 {[%emt 0:00:07]} Bb4 { [%emt 0:00:02]}
43. h5 {[%emt 0:00:05]} Qg5 {[%emt 0:00:01]} 44. Qe6 {[%emt 0:00:07]} Qg3+
{[%emt 0:00:08]} 45. Kh1 {[%emt 0:00:11]} Qh4+ {[%emt 0:00:02]} 46. Kg1 {[%emt
0:00:02]} Bc5+ {[%emt 0:00:02]} 47. Kf1 {[%emt 0:00:04]} Qf2# { [%emt 0:00:01]}
0-1

[Event "DSJ Weihnachtsturnier U20 2020"]
[Site "https://play.chessbase.com/en/play?room=DSJWeihnachtU20"]
[Date "2020.12.29"]
[Round "3"]
[White "Aumüller, Naum"]
[Black "Kloerss, Knut"]
[Result "1-0"]
[Termination "normal"]
[Board "6.4"]
[WhiteElo "1622"]
[BlackElo "1726"]
[WhiteTeam "SC Bavaria Regensburg von 1881"]
[BlackTeam "Lübecker SV von 1873 2"]
[PlyCount "45"]
[WhiteFideId "16263960"]
[BlackFideId "16222130"]
[EventRounds "7"]
[EventType "team-swiss"]
[EventDate "2020.12.29"]

1. e4 {[%emt 0:00:13]} e5 {[%emt 0:00:03]} 2. Nf3 {[%emt 0:00:10]} Nc6 { [%emt
0:00:01]} 3. Bc4 {[%emt 0:00:05]} Bc5 {[%emt 0:00:02]} 4. c3 {[%emt 0:00:10]}
Nf6 {[%emt 0:00:02]} 5. d3 {[%emt 0:00:11]} a6 {[%emt 0:00:06]} 6. O-O { [%emt
0:00:05]} Ba7 {[%emt 0:00:05]} 7. Re1 {[%emt 0:00:03]} d6 {[%emt 0:00:05] } 8.
Nbd2 {[%emt 0:00:02]} Na5 {[%emt 0:00:03]} 9. Bb3 {[%emt 0:00:02]} Nxb3 { [%emt
0:00:01]} 10. Qxb3 {[%emt 0:00:02]} h6 {[%emt 0:00:02]} 11. Nf1 {[%emt
0:00:02]} b5 {[%emt 0:00:13]} 12. Ng3 {[%emt 0:00:05]} Be6 {[%emt 0:00:00]} 13.
Qc2 {[%emt 0:00:03]} O-O {[%emt 0:00:19]} 14. Be3 {[%emt 0:00:17]} Bxe3 { [%emt
0:00:03]} 15. Rxe3 {[%emt 0:00:04]} Ng4 {[%emt 0:00:03]} 16. Ree1 { [%emt
0:00:03]} f5 {[%emt 0:00:30]} 17. exf5 {[%emt 0:00:14]} Bxf5 {[%emt 0:00:03]}
18. Nxf5 {[%emt 0:00:00]} Rxf5 {[%emt 0:00:02]} 19. d4 {[%emt 0:00:02]} Qf6
{[%emt 0:00:33]} 20. h3 {[%emt 0:00:12]} exd4 {[%emt 0:01:04]} 21. hxg4 { [%emt
0:00:09]} Rxf3 {[%emt 0:00:01]} 22. gxf3 {[%emt 0:00:06]} Qxf3 {[%emt 0:00:01]}
23. Qe4 {[%emt 0:00:03]} 1-0